00542nam a2200157Ia 450000500170000000800410001704100080005808200170006610000420008324500300012526000510015530000090020665000200021599900190023595201300025420250729165753.0250729s2012 xx 000 0 und d aeng a5130.25 DIRP aDirectorate of Pre University9232593 aPhysics Part - II I P U C aBangalorebDirectorate of Pre Universityc2012 a448p aPhysics9232594 c239860d239860 00104070aALbALd2025-07-29eManagement Bookg70.00l0o5130.25 DIRPpBED05179r2025-07-29 16:57:53v70.00w2025-07-29yBK